Фазы эффузивов; Основные идеи М. А. Усова в геологии

מידע ביבליוגרפי
Parent link:Основные идеи М. А. Усова в геологии.— 1960.— С. 21-56
מחבר ראשי: Усов М. А. Михаил Антонович
שפה:רוסית
יצא לאור: 1960
נושאים:
פורמט: Book Chapter
KOHA link:https://koha.lib.tpu.ru/cgi-bin/koha/opac-detail.pl?biblionumber=106320

MARC

LEADER 00000naa2a2200000 4500
001 106320
005 20231031114838.0
035 |a (RuTPU)RU\TPU\book\114729 
035 |a RU\TPU\tpu\2998 
090 |a 106320 
100 |a 20061204d1960 k y0rusy50 ca 
101 0 |a rus 
200 1 |a Фазы эффузивов  |f М. А. Усов 
320 |a Библиогр.: 80 назв. 
463 0 |0 (RuTPU)RU\TPU\book\98879  |t Основные идеи М. А. Усова в геологии  |f Академия наук Казахской ССР; Институт геологических наук ; под ред. К. И. Сатпаева  |v С. 21-56  |d 1960  |p 541 с. 
610 1 |a геолого-географические науки 
610 1 |a труды учёных ТПУ 
700 1 |a Усов  |b М. А.  |c русский ученый  |c геолог  |f 1883-1939  |g Михаил Антонович  |2 stltpush  |3 (RuTPU)RU\TPU\pers\1941 
801 0 |a RU  |b 63413507  |c 20011210  |g PSBO 
801 2 |a RU  |b 63413507  |c 20091026  |g PSBO 
942 |c BK